| 000 | 00574nam a22001937a 4500 | ||
|---|---|---|---|
| 005 | 20180814161800.0 | ||
| 010 | _aENG-123732 | ||
| 020 |
_a9788174792099 _c695.00 |
||
| 035 | _aEN-107264 | ||
| 037 | _bDBAD/PUB | ||
| 082 | 0 | 0 | _a235 |
| 100 | _aPrajith J.P. | ||
| 245 | 1 | 0 |
_aEvolution of tantric culture / _cby J.P. Prajith |
| 260 |
_aNew Delhi _bKaveri Books _c2018 |
||
| 270 |
_a4832/24, Ansari Road, Daryaganj, _bNew Delhi _e110002 |
||
| 300 |
_axv,176p. _c22cm.(Hb) |
||
| 500 | _aIt includes bibliography and index | ||
| 942 |
_2ddc _cEN _h235 _mPRA |
||
| 999 |
_c155921 _d155921 |
||